Звичайний вигляд Перегляд у МАРК

Входження „Geographic Name“

Кількість записів, які використовуються: 1

001 - CONTROL NUMBER

  • control field: 25226

003 - CONTROL NUMBER IDENTIFIER

  • control field: UA-OsUOA

005 - DATE AND TIME OF LATEST TRANSACTION

  • control field: 20260513124624.0

008 - FIXED-LENGTH DATA ELEMENTS

  • fixed length control field: 260513|| aca||aabn | a|a d

040 ## - CATALOGING SOURCE

  • Original cataloging agency: UA-OsUOA
  • Transcribing agency: UA-OsUOA

151 ## - HEADING--GEOGRAPHIC NAME

  • Geographic name: 82 Література. Літературознавство

670 ## - SOURCE DATA FOUND

  • Source citation: Work cat.: (UA-OsUOA)580695: Карр Д. Д. 25225, Безтілесна людина, 1991